000
00309nam a2200121Ia 4500
005
20251222144830.0
008
251222s9999||||xx |||||||||||||| ||spa||
082
_a
869.505/B57
100
_a
Biondi, Juan
245
0
_a
Representación Oral en las Calles de Lima
264
_b
Universidad de Lima
942
_c
LIB
999
_c
20823
_d
20823